Pays où Carrefour est implantés - Statistiques

Statistiques générales
  • Ce quiz a été pris 241 fois
  • Le résultat moyen est 13 sur 26
Statistiques - réponses
Numéro Pays % Correct
1 France
100%
3 Espagne
97%
4 Italie
97%
2 Belgique
93%
5 Portugal
87%
12 Chine
68%
11 Brésil
63%
6 Pologne
63%
8 Grèce
59%
9 Turquie
54%
10 Argentine
53%
26 Tunisie
53%
7 Roumanie
47%
22 Égypte
43%
24 Sénégal
35%
17 Émirats arabes unis
32%
18 Qatar
32%
19 Arabie Saoudite
30%
16 Thaïlande
30%
14 Indonésie
29%
25 Côte d'ivoire
28%
21 Liban
28%
20 Jordanie
20%
15 Malaisie
18%
13 Taïwan
14%
23 Kenya
12%
Aucun quiz correspondant
Distribution des résultats
% des personnes avec chaque résultat
Percentile par nombre de réponses
Votre historique - résultats
Vous n’avez pas pris ce quiz